000 00466nam a2200193Ia 4500
003 OSt
005 20250211143132.0
008 210210b1962 xxu||||| |||| 00| 0 eng d
040 _cAL
041 _ahin
082 _a869/23
100 _aBAKSHA (Jahur)
_9199111
110 _bबक्शा जहूर
_9199112
245 _aShabnam:
_bशबनम
260 _aBhopal
_b-
_c1962
690 _aHindi Fiction
_9199113
906 _a023822
942 _2ddc
_cBK
999 _c148787
_d148787